[Event "32nd WCh U20 Girls"]
[Site "Pune IND"]
[Date "2014.10.19"]
[Round "13.10"]
[White "Nandhidhaa, P. V."]
[Black "Gevorgian, Maria"]
[Result "0-1"]
[WhiteElo "2144"]
[BlackElo "2160"]
[EventDate "2014.10.06"]
[PlyCount "86"]

1.e4 e5 2.Nf3 Nf6 3.Nc3 Nc6 4.Bb5 Nd4 5.Bc4 Bc5 6.d3 d6 7.Nxd4 Bxd4 8.h3 
h6 9.Qe2 c6 10.Be3 b5 11.Bb3 O-O 12.O-O a5 13.a4 b4 14.Nd1 Be6 15.Bxe6 
fxe6 16.c3 Bxe3 17.Nxe3 Rb8 18.Nc4 Qc7 19.Rac1 Nd7 20.d4 bxc3 21.bxc3 exd4
22.cxd4 Rb4 23.d5 Nc5 24.dxe6 Nxe6 25.Qa2 Kh8 26.Rfd1 Rd8 27.Ne5 dxe5 28.
Qxe6 Rxd1+ 29.Rxd1 Rd4 30.Rc1 c5 31.Qe8+ Kh7 32.Qf8 c4 33.Rc3 Rd3 34.Rc2 
c3 35.Qf5+ Kg8 36.Qe6+ Kh8 37.Qb3 Qc5 38.Kh2 Qb4 39.Qf7 Qxe4 40.Rc1 Kh7 
41.Kg1 c2 42.f3 Rd1+ 43.Kh2 Qd3 0-1

[Event "32nd WCh U20 Girls"]
[Site "Pune IND"]
[Date "2014.10.19"]
[Round "13.11"]
[White "Monnisha, Gajendra Babu Kannaiyan"]
[Black "Gelip, Ioana"]
[Result "0-1"]
[WhiteElo "2016"]
[BlackElo "2154"]
[EventDate "2014.10.06"]
[PlyCount "80"]

1.e4 e6 2.d4 d5 3.Nc3 Nf6 4.Bg5 Bb4 5.e5 h6 6.Bc1 Ne4 7.Qg4 g6 8.Ne2 c5 9.
a3 Ba5 10.dxc5 Nxc3 11.Nxc3 Bxc3+ 12.bxc3 Qa5 13.Qg3 Bd7 14.Rb1 Qc7 15.Bd3
Nc6 16.f4 O-O-O 17.O-O Ne7 18.Qf2 Bc6 19.a4 h5 20.Bb5 Nf5 21.Rb4 Rd7 22.
Bd2 Rhd8 23.Be3 a5 24.Bxc6 axb4 25.Bxd7+ Qxd7 26.cxb4 d4 27.Bd2 Qxa4 28.
Rc1 Qa3 29.Qe1 Qb2 30.Kf2 Kc7 31.b5 Ra8 32.b6+ Kc8 33.Qe4 Qb5 34.c3 Ra2 
35.Ke1 d3 36.Qb4 Qc6 37.Qc4 Qxg2 38.Qxd3 Qg1+ 39.Ke2 Qxc1 40.c6 Rxd2+ 0-1

[Event "32nd WCh U20 Girls"]
[Site "Pune IND"]
[Date "2014.10.19"]
[Round "13.12"]
[White "Fronda, Jan Jodilyn"]
[Black "Potluri, Supreetha"]
[Result "1-0"]
[WhiteElo "2127"]
[BlackElo "1738"]
[EventDate "2014.10.06"]
[PlyCount "119"]

1.e4 c5 2.b3 Nc6 3.Bb2 d6 4.Bb5 Bd7 5.Nc3 e5 6.a4 g6 7.Nge2 Bg7 8.d3 Nge7 
9.O-O O-O 10.Bc4 Kh8 11.Nd5 Rb8 12.f4 f5 13.Qd2 Nxd5 14.Bxd5 Qe7 15.Rae1 
exf4 16.Bxg7+ Qxg7 17.Bxc6 Bxc6 18.Nxf4 Qd4+ 19.Kh1 fxe4 20.c3 e3 21.Qd1 
Qf6 22.Rxe3 g5 23.Re6 Qxc3 24.Nh5 Qb2 25.Re2 Qd4 26.h3 Rbe8 27.Rxe8 Rxe8 
28.Qd2 Qe5 29.Qf2 Qe7 30.d4 cxd4 31.Qxd4+ Qe5 32.Qf2 Bd5 33.b4 Qe6 34.Kg1 
Qe5 35.a5 Bc4 36.Qf6+ Qxf6 37.Rxf6 d5 38.Rf7 Bd3 39.Rxb7 Bg6 40.Nf6 Re1+ 
41.Kf2 Rb1 42.Nxd5 Be4 43.Rd7 Bxd5 44.Rxd5 Rxb4 45.Rxg5 Ra4 46.Kf3 h6 47.
Rg6 Rxa5 48.Rxh6+ Kg7 49.Rc6 Ra3+ 50.Kg4 a5 51.Ra6 a4 52.Kh4 Ra1 53.Kg5 a3
54.Ra7+ Kf8 55.g4 a2 56.h4 Ke8 57.h5 Kd8 58.h6 Kc8 59.h7 Rh1 60.Kg6 1-0

[Event "32nd WCh U20 Girls"]
[Site "Pune IND"]
[Date "2014.10.19"]
[Round "13.13"]
[White "Imeeva, Aysa"]
[Black "Frayna, Janelle Mae"]
[Result "1/2-1/2"]
[WhiteElo "2077"]
[BlackElo "2140"]
[EventDate "2014.10.06"]
[PlyCount "89"]

1.e4 e6 2.d4 d5 3.Nd2 c5 4.c3 cxd4 5.cxd4 dxe4 6.Nxe4 Nd7 7.Nf3 Ngf6 8.Nc3
Be7 9.Bd3 O-O 10.O-O Nb6 11.Bf4 Nbd5 12.Nxd5 Nxd5 13.Bg3 b6 14.Rc1 Bb7 15.
Ne5 Rc8 16.Qh5 Nf6 17.Qh4 Rxc1 18.Rxc1 Ne4 19.Qg4 f5 20.Qe2 Qxd4 21.Rc7 
Bd6 22.Rxb7 Bxe5 23.Bxe4 fxe4 24.Bxe5 Qxe5 25.Rxa7 Rc8 26.g3 Qd5 27.Qe3 h6
28.Qf4 Rf8 29.Qg4 Qe5 30.Re7 Qxb2 31.Qxe6+ Kh8 32.Rf7 Rxf7 33.Qxf7 Qe5 34.
Qb3 b5 35.h4 Kh7 36.Kg2 Qf5 37.a3 Qe5 38.Qe3 Qd5 39.Kh2 Qd3 40.Qf4 Qd5 41.
g4 Kg8 42.h5 Qd3 43.Qb8+ Kh7 44.Qf4 Kg8 45.Qb8+ 1/2-1/2

[Event "32nd WCh U20 Girls"]
[Site "Pune IND"]
[Date "2014.10.19"]
[Round "13.14"]
[White "Khaled, Mouna"]
[Black "Vaishali, Ramesh Babu"]
[Result "0-1"]
[WhiteElo "2191"]
[BlackElo "2124"]
[EventDate "2014.10.06"]
[PlyCount "102"]

1.d4 Nf6 2.Nf3 e6 3.e3 b6 4.Bd3 Bb7 5.Nbd2 d5 6.Ne5 Be7 7.f4 O-O 8.Qf3 c5 
9.c3 Nc6 10.O-O Nd7 11.Qh3 f5 12.g4 Ndxe5 13.fxe5 g6 14.gxf5 gxf5 15.Rf2 
Kh8 16.Nf1 Rg8+ 17.Ng3 Bg5 18.Kf1 Ne7 19.Ke2 Rg6 20.Bd2 Rh6 21.Qg2 Bh4 22.
Rg1 Qe8 23.Kd1 Bxg3 24.hxg3 Qa4+ 25.Bc2 Qxa2 26.Bc1 Rg8 27.Qf3 Bc6 28.b3 
c4 29.bxc4 Qxc4 30.Bb2 Ba4 31.g4 Qd3+ 32.Kc1 Bxc2 33.Rxc2 Rxg4 34.Rd1 Qe4 
35.Qf1 Qxe3+ 36.Kb1 Qh3 37.Qa6 Rg8 38.Qxa7 Nc8 39.Qd7 Qh5 40.Rdc1 Qe8 41.
Qb7 b5 42.Ba3 Rg7 43.Qb8 Rhg6 44.Rb2 Rg2 45.Rxb5 Rg8 46.c4 dxc4 47.Rxc4 f4
48.Rb7 Qg6+ 49.Ka1 Qd3 50.Rxh7+ Kxh7 51.Qb7+ R8g7 0-1

[Event "32nd WCh U20 Girls"]
[Site "Pune IND"]
[Date "2014.10.19"]
[Round "13.15"]
[White "Saranya, J."]
[Black "Monpeurt, Cyrielle"]
[Result "1-0"]
[WhiteElo "2107"]
[BlackElo "2115"]
[EventDate "2014.10.06"]
[PlyCount "75"]

1.e4 e5 2.Nf3 Nc6 3.Bc4 Nf6 4.d3 Be7 5.Nc3 d6 6.h3 O-O 7.O-O h6 8.d4 exd4 
9.Nxd4 Ne5 10.Be2 Re8 11.Be3 Bf8 12.Nb3 Bd7 13.Nd2 c6 14.f4 Ng6 15.Bd3 Qc7
16.Qf3 b5 17.a3 a5 18.g4 Bc8 19.Ne2 Rb8 20.Nd4 Qd7 21.Nf5 c5 22.c3 Bb7 23.
a4 c4 24.Bc2 d5 25.Bd4 dxe4 26.Qg3 b4 27.Nxc4 Ba6 28.Ne5 Qc7 29.Rf2 Bc5 
30.Bb3 Nh8 31.g5 e3 32.gxf6 exf2+ 33.Kh2 g5 34.Nxh6+ Kh7 35.Qxg5 Rg8 36.
Nxg8 Bf8 37.Bc2+ Ng6 38.Nxg6 1-0

[Event "32nd WCh U20 Girls"]
[Site "Pune IND"]
[Date "2014.10.19"]
[Round "13.16"]
[White "Michelle Catherina"]
[Black "San Diego, Marie Antoinette"]
[Result "1/2-1/2"]
[WhiteElo "2114"]
[BlackElo "2033"]
[EventDate "2014.10.06"]
[PlyCount "100"]

1.e4 c5 2.Nf3 d6 3.d4 cxd4 4.Nxd4 Nf6 5.Nc3 a6 6.Be3 e6 7.Be2 b5 8.a3 Bb7 
9.f3 Nbd7 10.O-O Be7 11.Qe1 O-O 12.Qg3 Kh8 13.Rad1 Rc8 14.Rfe1 Qc7 15.Bf1 
d5 16.Qxc7 Rxc7 17.exd5 Nxd5 18.Nxd5 Bxd5 19.Bf4 Rcc8 20.c3 Bf6 21.a4 bxa4
22.Bxa6 Ra8 23.Bb5 Nb6 24.Ra1 Rfc8 25.Bd6 Bc4 26.Bxc4 Nxc4 27.Ba3 Rab8 28.
Re2 Nxa3 29.Rxa3 Bxd4+ 30.cxd4 Rb4 31.Rd2 Rd8 32.Kf2 g6 33.Ke3 Rdb8 34.Ra2
Kg7 35.g4 g5 36.h3 Kf6 37.d5 Rb3+ 38.Ke2 exd5 39.Rxa4 Rxb2 40.Ra6+ Ke5 41.
Rh6 Rxd2+ 42.Kxd2 Rb2+ 43.Kd3 Rb3+ 44.Ke2 Kd4 45.Rxh7 f6 46.Rf7 Re3+ 47.
Kf2 Re6 48.f4 gxf4 49.h4 Ke5 50.h5 Re8 1/2-1/2

[Event "32nd WCh U20 Girls"]
[Site "Pune IND"]
[Date "2014.10.19"]
[Round "13.17"]
[White "Tarini, Goyal"]
[Black "Ivekovic, Tihana"]
[Result "1/2-1/2"]
[WhiteElo "1868"]
[BlackElo "2122"]
[EventDate "2014.10.06"]
[PlyCount "63"]

1.d4 d5 2.c4 e6 3.Nf3 Nf6 4.g3 Be7 5.Bg2 b6 6.O-O Bb7 7.Ne5 O-O 8.Nc3 Nbd7
9.Qa4 Nb8 10.Rd1 Qc8 11.cxd5 exd5 12.Bg5 Qe6 13.Nd3 c6 14.Nf4 Qd6 15.Bxf6 
Bxf6 16.e4 dxe4 17.Nxe4 Qe7 18.Nxf6+ Qxf6 19.d5 c5 20.Rd2 Qd6 21.Ne2 Nd7 
22.Nc3 Nf6 23.Re1 a6 24.Ne4 Nxe4 25.Qxe4 Rad8 26.Qe7 Qd7 27.Qxd7 Rxd7 28.
f4 Rfd8 29.Kf2 f6 30.Red1 f5 31.h3 Kf7 32.Bf3 1/2-1/2

[Event "32nd WCh U20 Girls"]
[Site "Pune IND"]
[Date "2014.10.19"]
[Round "13.18"]
[White "Varga, Klara"]
[Black "Munoz, Claudia"]
[Result "1-0"]
[WhiteElo "2232"]
[BlackElo "1906"]
[EventDate "2014.10.06"]
[PlyCount "93"]

1.b3 e5 2.Bb2 Nc6 3.e3 Nf6 4.Bb5 d6 5.Ne2 a6 6.Bxc6+ bxc6 7.f4 exf4 8.Nxf4
Bg4 9.Bxf6 Qxf6 10.Qxg4 Qxa1 11.O-O Qe5 12.Nh5 Qe6 13.Nxg7+ Bxg7 14.Qxg7 
Rf8 15.Qg5 f6 16.Qh5+ Rf7 17.Nc3 O-O-O 18.Qa5 Rg7 19.Qxa6+ Kd7 20.Qe2 Rdg8
21.Rf2 Rg5 22.Qf3 h5 23.Ne4 R8g7 24.Nxg5 fxg5 25.Qxh5 Qe5 26.Qg4+ Ke7 27.
Qc8 Qa1+ 28.Rf1 Qe5 29.Rf5 Qa1+ 30.Kf2 Qb2 31.Kg3 Qa1 32.c3 Qe1+ 33.Rf2 
Qxf2+ 34.Kxf2 Rf7+ 35.Kg3 Kf6 36.a4 Kg7 37.a5 Rf8 38.Qxf8+ Kxf8 39.a6 Ke7 
40.a7 Kd7 41.a8=Q Ke7 42.Qc8 Kf7 43.Kg4 Kg6 44.Qe6+ Kg7 45.Kxg5 Kf8 46.Kf6
c5 47.Qf7# 1-0

[Event "32nd WCh U20 Girls"]
[Site "Pune IND"]
[Date "2014.10.19"]
[Round "13.19"]
[White "Azimova, Karina"]
[Black "Pujari, Rucha"]
[Result "1/2-1/2"]
[WhiteElo "2063"]
[BlackElo "2113"]
[EventDate "2014.10.06"]
[PlyCount "91"]

1.e4 e5 2.f4 exf4 3.Nf3 d5 4.exd5 Nf6 5.c4 c6 6.Nc3 cxd5 7.d4 Be6 8.c5 Nc6
9.Bb5 Be7 10.Ne5 O-O 11.Bxc6 bxc6 12.Nxc6 Qc7 13.Nxe7+ Qxe7 14.O-O g5 15.
Re1 Qd7 16.Qa4 Qxa4 17.Nxa4 Ne4 18.Nc3 f5 19.a4 a6 20.b4 Kf7 21.Bb2 Rfb8 
22.b5 Nxc3 23.Bxc3 axb5 24.axb5 Rxa1 25.Rxa1 Rxb5 26.Ra7+ Kg6 27.Ra6 Kf6 
28.Rb6 Rxb6 29.cxb6 Bc8 30.Kf2 Ke6 31.h4 h6 32.hxg5 hxg5 33.Bb4 Kd7 34.Bf8
g4 35.Bh6 Kc6 36.Bxf4 Kxb6 37.Be5 Kb5 38.g3 Kc4 39.Ke3 Kc3 40.Kf4 Kd3 41.
Bh8 Ke2 42.Be5 Kf2 43.Bh8 Ba6 44.Be5 Bd3 45.Bh8 Be4 46.Be5 1/2-1/2

[Event "32nd WCh U20 Girls"]
[Site "Pune IND"]
[Date "2014.10.19"]
[Round "13.21"]
[White "Hinduja, Reddy"]
[Black "Pratyusha, Bodda"]
[Result "0-1"]
[WhiteElo "1934"]
[BlackElo "2078"]
[EventDate "2014.10.06"]
[PlyCount "58"]

1.Nf3 d5 2.g3 Nc6 3.c4 dxc4 4.Bg2 e5 5.Qa4 Bd6 6.O-O Ne7 7.Nc3 O-O 8.Qxc4 
Be6 9.Qh4 f6 10.Bh3 Nf5 11.Qe4 Qd7 12.Nh4 Nxh4 13.Bxe6+ Qxe6 14.Qxh4 f5 
15.b3 Nd4 16.Bb2 f4 17.g4 Rf6 18.f3 Bc5 19.e3 fxe3 20.Kg2 e2 21.Rf2 Rxf3 
22.Rxf3 Qc6 23.Qg3 Rf8 24.Ne4 Nxf3 25.d3 e1=Q 26.Rxe1 Nxe1+ 27.Qxe1 Rf2+ 
28.Kg3 Rxb2 29.Qc3 Bf2+ 0-1

[Event "32nd WCh U20 Girls"]
[Site "Pune IND"]
[Date "2014.10.19"]
[Round "13.22"]
[White "Varshini, Velavan"]
[Black "Shweta, Gole"]
[Result "1/2-1/2"]
[WhiteElo "2040"]
[BlackElo "1881"]
[EventDate "2014.10.06"]
[PlyCount "44"]

1.e4 c5 2.Nc3 d6 3.g3 g6 4.Bg2 Bg7 5.d3 Nc6 6.Be3 Rb8 7.Qd2 b5 8.Nge2 Nd4 
9.Nd1 b4 10.c3 Nxe2 11.Qxe2 bxc3 12.bxc3 Nf6 13.h3 O-O 14.Qd2 Ba6 15.O-O 
Qa5 16.f4 Nd7 17.Rf2 Nb6 18.Rc1 Qb5 19.Bf1 Qa5 20.Bg2 Qb5 21.Bf1 Qa5 22.
Bg2 Qb5 1/2-1/2

[Event "32nd WCh U20 Girls"]
[Site "Pune IND"]
[Date "2014.10.19"]
[Round "13.23"]
[White "Zarkovic, Mila"]
[Black "Bengtsson, Jessica"]
[Result "1-0"]
[WhiteElo "2136"]
[BlackElo "1943"]
[EventDate "2014.10.06"]
[PlyCount "61"]

1.e4 c5 2.Nf3 Nc6 3.d4 cxd4 4.Nxd4 Nf6 5.Nc3 e5 6.Ndb5 d6 7.Bg5 a6 8.Na3 
b5 9.Nd5 Be7 10.Bxf6 Bxf6 11.c3 O-O 12.Nc2 Bg5 13.a4 bxa4 14.Rxa4 a5 15.
Bb5 Ne7 16.Ncb4 f5 17.Nxe7+ Qxe7 18.Bc6 Bb7 19.Qd5+ Rf7 20.h4 axb4 21.
Rxa8+ Bxa8 22.Bxa8 Qa7 23.hxg5 Qa1+ 24.Ke2 Qxh1 25.Qe6 Qh5+ 26.f3 Kf8 27.
Qc8+ Ke7 28.Qc7+ Ke8 29.Bc6+ Rd7 30.Qxd7+ Kf8 31.Qxd6+ 1-0

[Event "32nd WCh U20 Girls"]
[Site "Pune IND"]
[Date "2014.10.19"]
[Round "13.24"]
[White "Sviridova, Vlada"]
[Black "Supriya, Joshi"]
[Result "1/2-1/2"]
[WhiteElo "2069"]
[BlackElo "1857"]
[EventDate "2014.10.06"]
[PlyCount "107"]

1.d4 Nf6 2.c4 g6 3.Nc3 Bg7 4.e4 d6 5.Nf3 O-O 6.Be2 Bg4 7.Be3 Nfd7 8.Rc1 e5
9.dxe5 Bxf3 10.Bxf3 dxe5 11.O-O Nc6 12.g3 Nd4 13.Bg2 Nc5 14.b4 Nce6 15.f4 
Bh6 16.Qe1 a5 17.f5 Bxe3+ 18.Qxe3 axb4 19.Nd5 Ra3 20.Qe1 Ng5 21.Qxb4 Ne2+ 
22.Kh1 Rxa2 23.Ra1 Rxa1 24.Rxa1 c6 25.Qe1 cxd5 26.Qxe2 Nxe4 27.cxd5 gxf5 
28.Bxe4 fxe4 29.Qxe4 Qd6 30.Re1 Rd8 31.Qxe5 Qxd5+ 32.Qxd5 Rxd5 33.Re7 b5 
34.Rb7 Rd1+ 35.Kg2 Rb1 36.g4 b4 37.h4 b3 38.g5 h5 39.Kh2 Kf8 40.Kg2 Ke8 
41.Kh2 b2 42.Kg2 Kd8 43.Kh2 Kc8 44.Rb3 Kc7 45.Kg2 Kc6 46.Rb8 Kd5 47.Rd8+ 
Kc4 48.Rc8+ Kb3 49.Rb8+ Kc3 50.Rc8+ Kd3 51.Rd8+ Ke3 52.Re8+ Kd3 53.Rd8+ 
Ke3 54.Re8+ 1/2-1/2

[Event "32nd WCh U20 Girls"]
[Site "Pune IND"]
[Date "2014.10.19"]
[Round "13.25"]
[White "Divya Lakshmi, R."]
[Black "Madhurima, Shekhar"]
[Result "0-1"]
[WhiteElo "1905"]
[BlackElo "2000"]
[EventDate "2014.10.06"]
[PlyCount "57"]

1.e4 e6 2.d4 d5 3.Nc3 Nf6 4.e5 Nfd7 5.f4 c5 6.Nf3 Nc6 7.Be3 Be7 8.Qd2 O-O 
9.Be2 b6 10.O-O f6 11.exf6 Nxf6 12.Kh1 Bd6 13.Ne5 Bb7 14.Bf3 Rc8 15.Ne2 
Qe7 16.c3 Rc7 17.Rad1 cxd4 18.Nxd4 Nxe5 19.fxe5 Bxe5 20.Nb5 Rd7 21.Nxa7 
Ra8 22.Bxb6 Bxh2 23.Nb5 Ne4 24.Bxe4 Qh4 25.g3 Bxg3+ 26.Kg1 dxe4 27.Qe2 
Rxd1 28.Rxd1 e3 29.Rd2 0-1

[Event "32nd WCh U20 Girls"]
[Site "Pune IND"]
[Date "2014.10.19"]
[Round "13.26"]
[White "Tejaswini, Sagar"]
[Black "Bakshi, Rutuja"]
[Result "0-1"]
[WhiteElo "1876"]
[BlackElo "1959"]
[EventDate "2014.10.06"]
[PlyCount "80"]

1.e4 Nf6 2.e5 Nd5 3.d4 d6 4.c4 Nb6 5.exd6 exd6 6.Nc3 Nc6 7.Be3 Be7 8.Bd3 
Bf6 9.Nge2 O-O 10.b3 Re8 11.O-O Bg4 12.Qd2 d5 13.c5 Nc8 14.Rac1 N8e7 15.f3
Bf5 16.Bf2 Bxd3 17.Qxd3 Qd7 18.Ng3 Bg5 19.Rcd1 f5 20.Rfe1 f4 21.Nf1 Nf5 
22.a3 Bf6 23.Ne2 g5 24.b4 Nce7 25.h4 h6 26.hxg5 Bxg5 27.Nc3 c6 28.Re2 Kf7 
29.Rde1 Rg8 30.b5 Rg6 31.bxc6 bxc6 32.Rb2 Rag8 33.Ne2 h5 34.g3 fxg3 35.Be3
g2 36.Bf2 gxf1=Q+ 37.Kxf1 Ne3+ 38.Bxe3 Qh3+ 39.Kf2 Bh4+ 40.Ng3 Qxg3+ 0-1

[Event "32nd WCh U20 Girls"]
[Site "Pune IND"]
[Date "2014.10.19"]
[Round "13.27"]
[White "Liu Manli"]
[Black "Aakanksha, Hagawane"]
[Result "1/2-1/2"]
[WhiteElo "2039"]
[BlackElo "1918"]
[EventDate "2014.10.06"]
[PlyCount "83"]

1.e4 e5 2.Nf3 Nc6 3.Bb5 a6 4.Ba4 Nf6 5.O-O b5 6.Bb3 Bc5 7.d3 d6 8.c3 h6 9.
Nbd2 O-O 10.Re1 Bb6 11.Nf1 Ne7 12.Ng3 Ng6 13.h3 Be6 14.Be3 c5 15.d4 Qc7 
16.d5 Bd7 17.c4 Rfe8 18.Qc1 Qd8 19.a4 bxc4 20.Bxc4 Ba5 21.Rf1 Qe7 22.Kh2 
Nf4 23.Ng1 g5 24.N1e2 Kg7 25.f3 Rh8 26.Nh1 N6h5 27.Nf2 Nxe2 28.Bxe2 Nf4 
29.Bc4 Ng6 30.Bd3 f6 31.g3 h5 32.Rh1 h4 33.g4 Rhb8 34.Qc2 Rb6 35.Bc4 Bb4 
36.Nd3 a5 37.Nxb4 Rxb4 38.Bd2 Rb7 39.b3 Qd8 40.Ra2 Ne7 41.Bc3 Nc8 42.Qd2 
1/2-1/2

[Event "32nd WCh U20 Girls"]
[Site "Pune IND"]
[Date "2014.10.19"]
[Round "13.28"]
[White "Hilmi, Parveen"]
[Black "Turkova, Karolina"]
[Result "1/2-1/2"]
[WhiteElo "1757"]
[BlackElo "2033"]
[EventDate "2014.10.06"]
[PlyCount "66"]

1.e4 e5 2.Nf3 Nc6 3.Bb5 a6 4.Ba4 Nf6 5.O-O Be7 6.Re1 b5 7.Bb3 d6 8.c3 O-O 
9.h3 Na5 10.Bc2 d5 11.exd5 e4 12.Bxe4 Nxe4 13.Rxe4 Bb7 14.d4 Re8 15.Bf4 
Nc4 16.b3 Nb6 17.Be5 Nxd5 18.Re1 Bg5 19.a4 Bf4 20.Bxf4 Nxf4 21.Nbd2 Qf6 
22.Kh2 Qg6 23.g3 Nd5 24.Rc1 Nf6 25.c4 Rxe1 26.Nxe1 bxa4 27.bxa4 Re8 28.Rc3
Ng4+ 29.Qxg4 Rxe1 30.d5 Qf6 31.Ne4 Qe5 32.Rb3 h5 33.Qf3 Rxe4 1/2-1/2

[Event "32nd WCh U20 Girls"]
[Site "Pune IND"]
[Date "2014.10.19"]
[Round "13.29"]
[White "Fransson, Angelina"]
[Black "Vantika, Agrawal"]
[Result "1/2-1/2"]
[WhiteElo "2019"]
[BlackElo "1842"]
[EventDate "2014.10.06"]
[PlyCount "122"]

1.e4 c5 2.Nf3 Nc6 3.Bb5 g6 4.O-O Bg7 5.c3 Nf6 6.Re1 O-O 7.d4 cxd4 8.cxd4 
d5 9.e5 Ne4 10.Nc3 Nxc3 11.bxc3 Na5 12.Bf4 Bf5 13.Nh4 Be6 14.Bd3 Rc8 15.
Rc1 Nc4 16.Bg3 Nb2 17.Qc2 Nxd3 18.Qxd3 Qd7 19.f4 Rc4 20.Rf1 Rfc8 21.Be1 
Bf5 22.Nxf5 Qxf5 23.Qxf5 gxf5 24.Rb1 R8c7 25.Rb2 f6 26.exf6 Bxf6 27.Rf3 h6
28.g4 fxg4 29.Rg2 h5 30.h3 Kf7 31.hxg4 hxg4 32.Rxg4 Ra4 33.Rg2 Rc6 34.Rh3 
Rca6 35.Rhh2 Ke6 36.Rf2 Kf5 37.Rh5+ Ke4 38.Re2+ Kd3 39.Rd2+ Kc4 40.Rhh2 
Rb6 41.Rb2 Rxb2 42.Rxb2 b5 43.Kg2 a5 44.Rc2 Kd3 45.Rb2 Kc4 46.Rc2 Ra3 47.
Kf1 Kd3 48.Re2 Rxc3 49.Bxc3 Kxc3 50.Ke1 Kxd4 51.Kd2 Kc4 52.Kc2 b4 53.Re6 
d4 54.Rc6+ Kd5 55.Ra6 Ke4 56.Rxa5 d3+ 57.Kd1 Kxf4 58.Ra4 e5 59.Rxb4+ e4 
60.Kd2 Be7 61.Rb3 Bd8 1/2-1/2

[Event "32nd WCh U20 Girls"]
[Site "Pune IND"]
[Date "2014.10.19"]
[Round "13.30"]
[White "Chitlange, Sakshi"]
[Black "Krumova, Ani"]
[Result "1-0"]
[WhiteElo "1827"]
[BlackElo "1998"]
[EventDate "2014.10.06"]
[PlyCount "173"]

1.d4 Nf6 2.Nf3 g6 3.c4 Bg7 4.Nc3 O-O 5.Bg5 d6 6.e3 c6 7.Be2 Nbd7 8.Qc2 a6 
9.a4 Qa5 10.O-O e5 11.Rfd1 Re8 12.b4 Qc7 13.Rac1 Nf8 14.d5 Bd7 15.dxc6 
bxc6 16.Qd2 e4 17.Ne1 Ng4 18.h3 Ne5 19.Nxe4 Nxc4 20.Bxc4 Rxe4 21.Bd5 Ree8 
22.b5 axb5 23.axb5 Ne6 24.bxc6 Bc8 25.Bh4 Nc5 26.Bg3 Be5 27.Bxe5 Rxe5 28.
Nf3 Re8 29.Nd4 Ba6 30.Nb3 Nd3 31.Ra1 Ne5 32.Nd4 Bc4 33.Bxc4 Nxc4 34.Qc3 d5
35.Rdb1 Rab8 36.Rb4 Qd6 37.Rb7 Qe5 38.Rab1 Rbc8 39.Qb4 Nd6 40.Rd7 Ne4 41.
Qe1 Nc5 42.Ra7 Ne6 43.Qc3 Qd6 44.Nxe6 Rxe6 45.c7 Re4 46.Rd1 Qb6 47.Qa5 
Qxa5 48.Rxa5 Rxc7 49.Raxd5 Ree7 50.Kf1 Rb7 51.Ke2 Rec7 52.Kf3 Kg7 53.Kf4 
Rc2 54.R1d2 Rbb2 55.Rxc2 Rxc2 56.Kf3 Kf6 57.g4 h6 58.h4 Ke6 59.Ra5 Kf6 60.
Ra8 Rc5 61.Kg3 Re5 62.Ra6+ Kg7 63.Rb6 Kh7 64.Kf4 Ra5 65.Rd6 Kg7 66.f3 Rc5 
67.Rd7 Rb5 68.Ke4 Ra5 69.Rd5 Ra4+ 70.Ke5 Ra3 71.Kf4 Ra4+ 72.Rd4 Ra5 73.Rd3
Kf6 74.e4 Rb5 75.Rd7 Ra5 76.Rb7 Rc5 77.e5+ Ke6 78.Rb6+ Ke7 79.h5 Rc4+ 80.
Kg3 g5 81.Rxh6 Rc5 82.Rf6 Rxe5 83.Rf5 Rxf5 84.gxf5 f6 85.f4 gxf4+ 86.Kxf4 
Kf7 87.Ke4 1-0

[Event "32nd WCh U20 Girls"]
[Site "Pune IND"]
[Date "2014.10.19"]
[Round "13.31"]
[White "Barbosa, Larissa Ichimura"]
[Black "Djogteva, Jekaterina"]
[Result "0-1"]
[WhiteElo "1975"]
[BlackElo "1754"]
[EventDate "2014.10.06"]
[PlyCount "66"]

1.e4 e5 2.Nf3 Nf6 3.Nxe5 d6 4.Nf3 Nxe4 5.Nc3 Nxc3 6.dxc3 Be7 7.Bf4 Nc6 8.
Qd2 Be6 9.Bd3 Qd7 10.Ng5 Bxg5 11.Bxg5 f6 12.Be3 a6 13.f4 Bf5 14.Be2 O-O-O 
15.O-O Bg4 16.Bd3 Bf5 17.b4 Bxd3 18.cxd3 d5 19.d4 Rhe8 20.a4 Ne7 21.Rfb1 
Nf5 22.Bf2 Nd6 23.Qd3 Qf5 24.Qd2 Nc4 25.Qc1 Re2 26.a5 Rde8 27.b5 Rc2 28.
Qf1 Nd2 29.Qd1 Nxb1 30.Qxb1 Ree2 31.bxa6 bxa6 32.Qb4 Qxf4 33.Qf8+ Kd7 0-1

[Event "32nd WCh U20 Girls"]
[Site "Pune IND"]
[Date "2014.10.19"]
[Round "13.32"]
[White "Sunyasakta, Satpathy"]
[Black "Ananya, Suresh"]
[Result "1/2-1/2"]
[WhiteElo "1926"]
[BlackElo "1853"]
[EventDate "2014.10.06"]
[PlyCount "40"]

1.e4 c5 2.d4 cxd4 3.c3 dxc3 4.Nxc3 e6 5.Nf3 a6 6.Bf4 Nc6 7.Bc4 Nge7 8.O-O 
Ng6 9.Bd6 Bxd6 10.Qxd6 Qe7 11.Qg3 O-O 12.h4 Qf6 13.Nh2 Qxh4 14.Qe3 b5 15.
g3 Qf6 16.Bd3 Nge5 17.Be2 Ng6 18.Bd3 Nge5 19.Be2 Ng6 20.Bd3 Nge5 1/2-1/2

[Event "32nd WCh U20 Girls"]
[Site "Pune IND"]
[Date "2014.10.19"]
[Round "13.33"]
[White "Gagare, Shalmali"]
[Black "Bala Kannamma, P."]
[Result "1/2-1/2"]
[WhiteElo "2088"]
[BlackElo "2023"]
[EventDate "2014.10.06"]
[PlyCount "60"]

1.c4 e5 2.g3 Nc6 3.Bg2 Bc5 4.d3 f5 5.e3 Nf6 6.Ne2 Bb4+ 7.Nbc3 O-O 8.O-O 
Kh8 9.a3 Bxc3 10.Nxc3 d6 11.b4 Ne7 12.d4 c6 13.d5 cxd5 14.Nxd5 Nexd5 15.
Bxd5 Qe7 16.Bb2 Nxd5 17.cxd5 Kg8 18.Kg2 Kh8 19.Kg1 Kg8 20.Kg2 Kh8 21.Kg1 
Kg8 22.Kg2 Kh8 23.Kg1 Bd7 24.Qd2 Rac8 25.Rac1 Bb5 26.Rxc8 Rxc8 27.Rc1 
Rxc1+ 28.Qxc1 Kg8 29.Kg2 Kf7 30.Kf3 Kg8 1/2-1/2

[Event "32nd WCh U20 Girls"]
[Site "Pune IND"]
[Date "2014.10.19"]
[Round "13.34"]
[White "Caballero Quijano, Mitzy Mishell"]
[Black "Terzidaki, Alexandra"]
[Result "1-0"]
[WhiteElo "1961"]
[BlackElo "1902"]
[EventDate "2014.10.06"]
[PlyCount "111"]

1.d4 Nf6 2.Nf3 e6 3.e3 b6 4.Bd3 Bb7 5.O-O Be7 6.c4 O-O 7.Nc3 d5 8.cxd5 
exd5 9.b3 Nbd7 10.Bb2 Ne4 11.Qe2 a6 12.Rac1 Bd6 13.Nd2 Re8 14.Rfe1 Ndf6 
15.Nf1 h5 16.f3 Nxc3 17.Bxc3 h4 18.Qf2 Nh5 19.Bb1 a5 20.a4 Ba6 21.Rcd1 g6 
22.e4 Nf4 23.e5 Be7 24.Ne3 c5 25.Ng4 Ne6 26.Qc2 cxd4 27.Nh6+ Kg7 28.Nxf7 
d3 29.Nxd8 Bc5+ 30.Qf2 Bxf2+ 31.Kxf2 Raxd8 32.Bxd3 Bxd3 33.Rxd3 d4 34.Bb2 
Nc5 35.Rdd1 Nxb3 36.Re4 g5 37.g3 h3 38.f4 Kg6 39.Kf3 d3 40.Rc4 Nc5 41.Bd4 
Rd5 42.Kg4 gxf4 43.gxf4 Rf8 44.Be3 Kf7 45.Kxh3 Rg8 46.Bf2 Ke6 47.Bg3 d2 
48.Kg2 Nd3 49.Rc6+ Ke7 50.Rxb6 Nxf4+ 51.Kf3 Ng6 52.Ke4 Rd7 53.Kf5 Rf8+ 54.
Kxg6 Rf1 55.Bh4+ Ke8 56.Rb8+ 1-0

[Event "32nd WCh U20 Girls"]
[Site "Pune IND"]
[Date "2014.10.19"]
[Round "13.35"]
[White "Anjana Krishna, S."]
[Black "Mahasweta, Kumar"]
[Result "1/2-1/2"]
[WhiteElo "1889"]
[BlackElo "1847"]
[EventDate "2014.10.06"]
[PlyCount "61"]

1.e4 d6 2.d4 Nf6 3.Nc3 g6 4.Be3 Bg7 5.f3 c6 6.Qd2 Qc7 7.O-O-O Nbd7 8.Bh6 
O-O 9.g4 b5 10.Kb1 b4 11.Nce2 a5 12.h4 Rd8 13.h5 Nf8 14.hxg6 fxg6 15.Bxg7 
Kxg7 16.Nc1 Ba6 17.Bxa6 Rxa6 18.Nge2 e6 19.Nf4 Rd7 20.Rh3 Kg8 21.Qe1 Rf7 
22.Qe3 Ra8 23.Ncd3 Rc8 24.e5 Nd5 25.Nxd5 cxd5 26.Rh2 dxe5 27.Nxe5 Nd7 28.
f4 Nxe5 29.dxe5 Qc5 30.Qd2 Qc4 31.Rh4 1/2-1/2

[Event "32nd WCh U20 Girls"]
[Site "Pune IND"]
[Date "2014.10.19"]
[Round "13.36"]
[White "Shristi Shetty, J."]
[Black "Bidhar, Rutumbara"]
[Result "1-0"]
[WhiteElo "1907"]
[BlackElo "1780"]
[EventDate "2014.10.06"]
[PlyCount "67"]

1.e4 c5 2.Nf3 d6 3.d3 Nc6 4.g3 g6 5.Bg2 Bg7 6.O-O e6 7.c3 Nge7 8.d4 cxd4 
9.cxd4 Qb6 10.Nc3 Nxd4 11.Nxd4 Qxd4 12.Nb5 Qxd1 13.Rxd1 O-O 14.Nxd6 Nc6 
15.Be3 Rb8 16.Rab1 e5 17.Nxc8 Rfxc8 18.Bh3 Rd8 19.Rbc1 Rxd1+ 20.Rxd1 Nd4 
21.Kg2 b5 22.Rc1 a5 23.Rc5 a4 24.Bd7 Kf8 25.Bd2 Ke7 26.Rd5 Kf8 27.Bb4+ Kg8
28.Bd6 Rb7 29.Bc8 Ra7 30.Bc5 Ra8 31.Rd8+ Bf8 32.Rxf8+ Kg7 33.Re8 Ne6 34.
Bd6 1-0

[Event "32nd WCh U20 Girls"]
[Site "Pune IND"]
[Date "2014.10.19"]
[Round "13.37"]
[White "Lalaoui, Feriel"]
[Black "Samudin, Elina"]
[Result "1-0"]
[WhiteElo "1739"]
[BlackElo "1623"]
[EventDate "2014.10.06"]
[PlyCount "77"]

1.e4 d5 2.exd5 Qxd5 3.Nc3 Qa5 4.d4 c6 5.Nf3 Nf6 6.Bd2 Bf5 7.Bc4 e6 8.O-O 
Nbd7 9.Re1 Qc7 10.a4 Bd6 11.h3 O-O 12.Ng5 Nb6 13.Bb3 Nbd5 14.Nge4 Nxc3 15.
Nxf6+ gxf6 16.Bxc3 Be7 17.g4 Bg6 18.h4 h5 19.gxh5 Bf5 20.Qf3 Kh7 21.Kh1 
Rg8 22.Rg1 Rad8 23.Qe3 Rxg1+ 24.Rxg1 Rg8 25.Rxg8 Kxg8 26.h6 Qb8 27.d5 cxd5
28.Bxd5 Kh7 29.Be4 Bxe4+ 30.Qxe4+ f5 31.Qg2 Qg8 32.Qxb7 Bxh4 33.Qxa7 Bg5 
34.Bg7 Bxh6 35.Bxh6 Kxh6 36.Qe3+ Qg5 37.Qxg5+ Kxg5 38.a5 e5 39.a6 1-0

[Event "32nd WCh U20 Girls"]
[Site "Pune IND"]
[Date "2014.10.19"]
[Round "13.38"]
[White "Cuvelier, Annelies"]
[Black "Afraoui, Solenn"]
[Result "1/2-1/2"]
[WhiteElo "1619"]
[BlackElo "1989"]
[EventDate "2014.10.06"]
[PlyCount "61"]

1.e4 c5 2.Nf3 d6 3.d4 cxd4 4.Nxd4 Nf6 5.Nc3 g6 6.Be3 Bg7 7.f3 O-O 8.Qd2 
Nc6 9.O-O-O d5 10.exd5 Nxd5 11.Nxd5 Qxd5 12.Nb3 Qe5 13.c3 Qc7 14.Bd3 Rd8 
15.Qc2 Be6 16.Kb1 Ne5 17.Bf4 Qb6 18.Bxe5 Bxe5 19.h4 Bg7 20.h5 Rxd3 21.Rxd3
Bf5 22.g4 Bxd3 23.Qxd3 Rd8 24.Qe2 Qd6 25.hxg6 hxg6 26.Re1 e6 27.Kc2 Qc6 
28.Qe4 Qc7 29.Re3 Bh6 30.Rd3 Rxd3 31.Qxd3 1/2-1/2